Flags of peoples without a nation state - Statistics

General Stats
  • This quiz has been taken 50 times
    32 since last reset
  • The average score is 32 of 48
Answer Stats
Picture Hint Answer % Correct
Iraq, Turkey, Syria Kurdish (Kurdistan)
100%
Norway, Sweden Sami (Sapmi)
100%
China Tibetan (Tibet)
96%
United Kingdom Scottish (Scotland)
92%
United Kingdom Welsh (Wales)
92%
Spain Basque (Basque Country)
88%
North Africa Berber/Amazigh
88%
France Breton (Brittany)
88%
Spain Catalan (Catalonia)
88%
France Corsican (Corsica)
85%
Denmark Greenlandic Inuit
85%
Europe Romani
85%
Sri Lanka Tamil (Tamil Eelam)
85%
United Kingdom Cornish (Cornwall)
81%
New Zealand Maori
81%
Morocco (illegally) Sahrawi (Western Sahara)
81%
Australia Aboriginal Australians
77%
Netherlands, Germany Frisian (Frisia)
77%
China Uyghur (East Turkestan)
77%
Iraq Assyrian (Assyria)
73%
Canada Inuit (in Nunavut)
73%
Egypt Coptic
69%
Crimea (legally Ukraine) Crimean Tatar
69%
USA (Arizona) Navajo
69%
Indonesia Papuan (West Papua)
69%
Iran, Pakistan Baloch (Balochistan)
65%
USA (Oklahoma) Cherokee
65%
France Tahitian (in French Polynesia)
65%
Japan Ainu (in Hokkaido)
62%
France (Pacific) Kanak (in New Caledonia)
62%
Finland, Russia Karelian (Karelia)
62%
Russia Circassian (Adygea)
58%
France (Caribbean) Martinican (in Martinique)
58%
Burma/Myanmar Rohingya
54%
Bolivia, Peru Aymara
50%
Moldova Gagauz (Gagauzia)
50%
Mexico Maya
50%
USA (South Dakota) Oglala Sioux
50%
Slovakia, Ukraine, Serbia Rusyn (Carpathian Ruthenia)
50%
Poland, Czech Republic Silesian (Silesia)
50%
China, Vietnam, Laos Hmong
46%
Russia Ingrian Finns (Ingria)
46%
Germany Sorb (Lusatia)
46%
Poland Kashubian (Kashubia)
42%
Burma/Myanmar, Thailand Karen
35%
UK (Indian Ocean Territory) Chagossian (Chagos Islands)
31%
China Zhuang
31%
Syria Syriac-Aramean
23%
No matching quizzes found
Score Distribution
Percent of People with Each Score
Percentile by Number Answered
Your Score History
You have not taken this quiz since the last reset